Molecular tagging of the dwarf BREIZH (Bzh) gene in Brassica napus (Record no. 63221)

MARC details
000 -LEADER
fixed length control field 00450nam a2200169Ia 4500
100 ## - MAIN ENTRY--AUTHOR NAME
Personal name Foisset N
245 #0 - TITLE STATEMENT
Title Molecular tagging of the dwarf BREIZH (Bzh) gene in Brassica napus
260 ## - PUBLICATION, DISTRIBUTION, ETC. (IMPRINT)
Name of publisher Theoretical and Applied Genetics
Year of publication 1995
300 ## - PHYSICAL DESCRIPTION
Number of Pages 756-761
650 ## - SUBJECT ADDED ENTRY--TOPICAL TERM
Topical Term RAPD markers
650 ## - SUBJECT ADDED ENTRY--TOPICAL TERM
Topical Term RFLP markers
700 ## - ADDED ENTRY--PERSONAL NAME
Personal name Barret P
700 ## - ADDED ENTRY--PERSONAL NAME
Personal name Delourme R
700 ## - ADDED ENTRY--PERSONAL NAME
Personal name Renard M
942 ## - ADDED ENTRY ELEMENTS (KOHA)
Koha item type Journals
Holdings
Withdrawn status Lost status Damaged status Not for loan Home library Current library Shelving location Date acquired Serial Enumeration / chronology Koha item type
      Journals RRII Library RRII Library RAPD 17/12/2021 Volume 91, Issue 5 Journals